00364nam a2200121 a 450000500170000000800410001702000180005805000270007624500570010326000480016030000080020865000260021620140412111415.0070706s19uu xx 00 eng d a1-56189-369-2 aTR(GS 372.19bC73 2001 aComprehensive Curriculum of basic skills :bGrade 2. aOhio :bSchool specialty publishing,c2001. a544 aReading Comprehension